| 000 | 00604cam a2200193 4500 | ||
|---|---|---|---|
| 001 | ##E494 | ||
| 008 | 090401t1948 xxu||||| |||| 00| 0 eng d | ||
| 035 | _a(Sirsi) u52345 | ||
| 041 | 0 | _aeng | |
| 050 | 0 | 4 | _a333.0062 $2 18 |
| 110 | 2 |
_aRoyal Institution of Chartered Surveyors _94900 |
|
| 245 | 0 | 4 | _aThe rules of conduct of the Royal Institution of Chartered Surveyors |
| 260 |
_aLondon _bRICS _c1948 |
||
| 300 |
_a3p. _c21cm. |
||
| 490 | 0 | _aRICS Rules of Conduct | |
| 690 | _aABOUT RICS-RICS PROFESSIONAL REGULATION AND CONSUMER PROTECTION-RICS RULES OF CONDUCT | ||
| 942 | _n0 | ||
| 948 | _c04/03/1997 | ||
| 999 |
_c93039 _d93039 |
||